| 000 | 00467nam a22001817a 4500 | ||
|---|---|---|---|
| 999 |
_c525300 _d525300 |
||
| 003 | NUST | ||
| 038 | _awaseem | ||
| 082 |
_a297.3 _bWEY |
||
| 100 |
_aWeyer, Robert Van De _914751 |
||
| 245 |
_aBuddhism / _cRobert Van De Weyer |
||
| 260 |
_aLahore : _bBook Home, _c2007. |
||
| 300 | _a192 p. ; | ||
| 500 | _aHardcover. | ||
| 710 | _4Malik Asfhaq | ||
| 880 |
_6100-01\r _aرابرٹ وین ڈی ویئر / |
||
| 880 |
_6245-02\r _aبُدھ مت / |
||
| 942 |
_2ddc _cBK |
||